| 000 | 00694cam a2200145 4500500 | ||
|---|---|---|---|
| 005 | 20260111142255.0 | ||
| 041 | _afre | ||
| 042 | _adc | ||
| 100 | 1 | 0 |
_aMoureau, François _eauthor |
| 245 | 0 | 0 | _aArlette Kosch, Le Voyage pédestre dans la littérature non fictionnelle allemande. « Wanderung » et « Wanderschaft » entre 1770 et 1850, [Berlin], Peter Lang, coll. « Historich-kritische Arbeiten zur Deutschen Literatur » 2018, 2 t., XIV-1439 p. |
| 260 | _c2020. | ||
| 500 | _a8 | ||
| 786 | 0 | _nDix-huitième siècle | 52 | 1 | 2020-10-01 | p. LXXIV-LXXIV | 0070-6760 | |
| 856 | 4 | 1 | _uhttps://shs.cairn.info/revue-dix-huitieme-siecle-2020-1-page-LXXIV?lang=fr&redirect-ssocas=7080 |
| 999 |
_c1635843 _d1635843 |
||